000 01174cab a2200349 4500
001 ABS51551
008 090401t1994 xxu||||| |||| 00| 0 eng d
035 _a(Sirsi) u33027
041 _aeng
100 _aJones, R.J.A.
245 2 _aA land information system for environmental risk assessment
260 _c1994
350 _a0
490 _aMapping Awareness
_v8(8) October 1994, 20-23(4)
520 _aDescribes the purpose, scope and operation of the Land Information System developed by the Soil Survey and Land Research Centre. GIS mapping techniques plot a range of data on agricultural, environmental and pollution issues.
650 _aACID RAIN
650 _aENVIRONMENTAL DATABASES
650 _aFARM WASTE
650 _aGIS
650 _aLAND USE PLANNING
650 _aLANDIS
650 _aNATIONAL SOIL INVENTORY
650 _aNATIONAL SOIL MAP
650 _aNITRATE POLLUTION
690 _aENVIRONMENTAL AND LAND CONSULTANCY
690 _aMANAGEMENT-BUSINESS MANAGEMENT-INFORMATION MANAGEMENT
690 _aMAPPING AND MEASUREMENT
700 _aBradley, R.I.
700 _aSiddons, P.A.
942 _n0
948 _c04/03/1997
999 _c22072
_d22072